• 首页
  • 本馆介绍
  • 公告通知
  • 最新文献
  • 馆藏检索
  • 电子资源
  • 读者导购
  • 参考咨询
  • 我的图书馆
  • 登录
  • 详细信息显示
  • 放入我的书架
  • 预约/预借图书
  • 作者相关作品
  • 分类相关作品
  • 丛书相关作品
  • 出版社相关作品

书目信息

  • 表格格式
  • 工作单格式
  • 卡片格式
题名:
物理量测量
    
 
作者: 袁文峰 主编
分册:  
出版信息: 北京   科学出版社  2019.01
页数: 15, 441页
开本: 24cm
丛书名:
单 册:
中图分类: O4-34
科图分类:
主题词: 物理量--wu li liang--测量--高等学校--教材
电子资源:
ISBN: 978-7-03-060232-9
000 00917nam0 2200265 450
001 0109110231
005 20201109144819.05
010    @a978-7-03-060232-9@dCNY55.00
100    @a20190508e20202019em y0chiy50 ea
101 0  @achi
102    @aCN@b110000
105    @aa z 000yy
106    @ar
200 1  @a物理量测量@Awu li liang ce liang@f袁文峰[等]主编
205    @a5版
210    @a北京@c科学出版社@d2019.01@h2020.01
215    @a15, 441页@c图@d24cm
300    @a普通高等教育“十一五”国家级规划教材
304    @a主编还有:王家政、张静华、刘瑞金
330    @a本书分章节介绍了测量误差与数据处理,力学量、热学量与波动特征量测量,电磁学量测量,光学量测量,综合性实验,设计性实验;书末附表还给出了常用物理量表。
606 0  @a物理量@Awu li liang@x测量@x高等学校@j教材
690    @aO4-34@v5
701  0 @a袁文峰@Ayuan wen feng@4主编
801  0 @aCN@bBJSZM@c20201103
905    @b1241399-402@dO4-34@e1146=5@f4
    
    物理量测量/袁文峰[等]主编.-5版.-北京:科学出版社,2019.01(2020.01)
    15, 441页:图;24cm
    普通高等教育“十一五”国家级规划教材
    
    ISBN 978-7-03-060232-9:CNY55.00
    本书分章节介绍了测量误差与数据处理,力学量、热学量与波动特征量测量,电磁学量测量,光学量测量,综合性实验,设计性实验;书末附表还给出了常用物理量表。
●
相关链接 在E读中查询图书 在五车中查询图书 在当当中查询图书 在豆瓣中查询图书


正题名:物理量测量     索取号:O4-34/1146=5         预约/预借

序号 登录号 条形码 馆藏地/架位号 状态 备注
1 1241399   212413994   第二样本阅览室/ [索取号:O4-34/1146=5] 在馆    
2 1241400   212414001   第三借阅区/ [索取号:O4-34/1146=5] 在馆    
3 1241401   212414010   第三借阅区/ [索取号:O4-34/1146=5] 在馆    
4 1241402   212414029   第三借阅区/ [索取号:O4-34/1146=5] 在馆    
唐山师范学院图书馆 欢迎您!
大连网信软件有限公司© 版权所有